Načítá se...
English renaissance drama /
| Hlavní autor: | |
|---|---|
| Další autoři: | |
| Médium: | Printed Book |
| Jazyk: | English |
| Vydáno: |
Walton Hall :
Open Univ.Press,
1972.
|
| LEADER | 00428nam a2200133Ia 4500 | ||
|---|---|---|---|
| 008 | 150624b xxu||||| |||| 00| 0 eng d | ||
| 100 | |a Stone, Brian | ||
| 245 | |a English renaissance drama / |c Brian Stone | ||
| 260 | |a Walton Hall : |b Open Univ.Press, |c 1972. | ||
| 300 | |a 71 p. | ||
| 700 | |a Havely, Cicely | ||
| 942 | |c BK | ||
| 999 | |c 34072 |d 34072 | ||
| 952 | |0 1 |1 0 |4 0 |7 0 |9 34071 |a UL |b UL |c ST1 |d 1998-11-04 |l 0 |p 46407 |r 2012-10-27 |w 2012-10-27 |y BK |k BP 1.60 | ||